Codice di Commercio del regno d'Italia
Uloženo v:
| Korporativní autor: | |
|---|---|
| Médium: | Kniha |
| Jazyk: | italština |
| Vydáno: |
Roma
Regia Tipografica
1882
|
| Témata: | |
| Tagy: |
Přidat tag
Žádné tagy, Buďte první, kdo vytvoří štítek k tomuto záznamu!
|
MARC
| LEADER | 00000nam a2200000 a 4500 | ||
|---|---|---|---|
| 001 | UCR4248 | ||
| 003 | CL-VaPUC | ||
| 008 | 980307e18820000IT |||||||||||||||||ita|d | ||
| 082 | 0 | 4 | |a 346.4507 |b REG |2 21 |
| 110 | 2 | |a Regno d'Italia |e author |9 404032 | |
| 245 | 1 | 0 | |a Codice di Commercio del regno d'Italia |
| 300 | |a 318 p | ||
| 942 | |c BK | ||
| 945 | |d 19980307 00:00:00 |a crobeson | ||
| 260 | |a Roma |b Regia Tipografica |c 1882 | ||
| 650 | 0 | |a Derecho comercial |9 256340 | |
| 650 | 0 | |a Código de comercio |9 329302 | |
| 650 | 0 | |a Comercio |9 255341 | |
| 650 | 0 | |a Derecho civil |9 255013 | |
| 650 | 0 | |a Derecho privado |9 258243 | |
| 650 | 0 | |a Sociedades comerciales |9 257290 | |
| 651 | 0 | |a Italia |9 254949 | |
| 583 | |a last modification |c 19980307 00:00:00 |k Rodrigo Vera | ||
| 999 | |c 267196 |d 267194 | ||
| 952 | |0 0 |1 0 |4 0 |6 346_450700000000000_REG_1882 |7 0 |8 X |9 299419 |a BIBDER |b BIBDER |d 2019-11-20 |i 1948504 |l 1 |o 346.4507 REG 1882 |p 1948504 |r 2025-04-24 |s 2025-04-24 |w 2019-11-20 |y BK_X |k DER | ||